00498 2200193 4500001002100000005001500021035002000036007000300056008004100059020001800100082000800118084001400126100003600140245003400176250001000210260003900220300003400259650001100293INLIS00000000000478020260703071437 a0010-0726000029ta260703 g 0 ind  a979-97460-3-5 a297 a297 MAR r0 aMarwah Daud Ibrahim (pengarang)1 aRaudah /cMarwah Daud Ibrahim acet.1 aJakarta :bMHMMD Production,c2004 axiii, 38 hal :bteks ;c17 cm 4aRaudah